L'amore guasta il mondo : romanzo /

Uloženo v:
Podrobná bibliografie
Hlavní autor: Monicelli, Furio (Autor)
Médium: Kniha
Jazyk:italština
Vydáno: Milano : Mondadori, 2000
Edice:Scrittori italiani e stranieri
Tagy: Přidat tag
Žádné tagy, Buďte první, kdo vytvoří štítek k tomuto záznamu!

MARC

LEADER 00000nam a2200000 i 4500
001 IT\ICCU\RAV\0661262
003 ItRI
005 20260115231849.0
008 000410s2000 it |||||| ||||| |||||c
015 |2 IT  |a 2001-962 
020 |a 8804474890 
040 |b ita  |c importazione bologna sebina 
041 7 |a ita  |2 ISO-639-2 
082 |a 853.914  |9 NARRATIVA ITALIANA, 1945-1999  |2 21 
100 1 |a Monicelli, Furio  |0 IT\ICCU\SBLV\024050  |4 aut 
245 1 2 |a L'amore guasta il mondo :  |b romanzo /  |c Furio Monicelli. 
260 |a Milano :  |b Mondadori,  |c 2000 
300 |a 211 p. ;  |c 23 cm. 
830 0 |a Scrittori italiani e stranieri  |0 IT\ICCU\CFI\0000594 
942 |2 ddc  |c BK  |n 0 
952 |0 0  |1 0  |4 0  |6 DOC_853_914000000000000_MON  |7 0  |9 14579  |a BO  |b BO  |d 2026-01-15  |i 11554  |l 0  |o DOC 853.914 MON  |p BO11554  |r 2026-01-15 23:18:49  |w 2026-01-15  |x [Sebina 5] [1 v.]  |y BK  |z 1 v. 
999 |c 12574  |d 12574